000 00450nam a22001697a 4500
005 20180201145456.0
008 160427b xxu||||| |||| 00| 0 eng d
020 _a0-81-203-2100-6
041 _aeng
082 _b00345
_a004.16
100 _aUffenbeck, John
_9122
245 _aMicrocomputers and Microprocessors : The 8080,8085 and z-80 Programming
250 _a3rd ed.
260 _aNew Delhi
_bPHI Pvt Ltd.
_c2000
300 _a729
942 _cBK
999 _c111
_d111